|
|
|
|
| LEADER |
02737nam a2200661 i 4500 |
| 001 |
nkc20213370237 |
| 003 |
CZ PrNK |
| 005 |
20220125083823.0 |
| 007 |
ta |
| 008 |
211109s2021 xr ab f m 000 0 cze |
| 015 |
|
|
|a cnb003370237
|
| 020 |
|
|
|a 978-80-214-5974-8
|q (brožováno)
|
| 035 |
|
|
|a (OCoLC)1296108166
|
| 040 |
|
|
|a OLA001
|b cze
|e rda
|
| 041 |
0 |
|
|a cze
|b cze
|b eng
|
| 072 |
|
7 |
|a 625
|x Pozemní komunikace. Železniční stavitelství
|2 Konspekt
|9 19
|
| 080 |
|
|
|a 625.85
|2 MRF
|
| 080 |
|
|
|a 691.5-032.37
|2 MRF
|
| 080 |
|
|
|a 691.16-021.385
|2 MRF
|
| 080 |
|
|
|a 620.169.1
|2 MRF
|
| 080 |
|
|
|a 620.193.91
|2 MRF
|
| 080 |
|
|
|a (043.5)
|2 MRF
|
| 080 |
|
|
|a (048.3)
|2 MRF
|
| 100 |
1 |
|
|a Dašek, Ondřej,
|d 1981-
|7 ola20211133017
|4 aut
|
| 245 |
1 |
0 |
|a Trvanlivost asfaltových vozovek =
|b Durability of asphalt pavements : zkrácená verze habilitační práce /
|c Ondřej Dašek
|
| 246 |
3 |
1 |
|a Durability of asphalt pavements
|
| 264 |
|
1 |
|a Brno :
|b Vysoké učení technické v Brně, nakladatelství VUTIUM,
|c 2021
|
| 300 |
|
|
|a 30 stran :
|b barevné ilustrace, 1 mapa ;
|c 24 cm
|
| 336 |
|
|
|a text
|b txt
|2 rdacontent
|
| 337 |
|
|
|a bez média
|b n
|2 rdamedia
|
| 338 |
|
|
|a svazek
|b nc
|2 rdacarrier
|
| 490 |
1 |
|
|a Vědecké spisy Vysokého učení technického v Brně. Habilitační a inaugurační spisy,
|x 1213-418X ;
|v sv. 693
|
| 500 |
|
|
|a Zkrácená verze habilitace--Vysoké učení technické v Brně, Fakulta stavební, Ústav pozemních komunikací, 2021
|
| 504 |
|
|
|a Obsahuje bibliografii
|
| 546 |
|
|
|a České a anglické resumé
|
| 650 |
0 |
7 |
|a asfaltové vozovky
|7 ph138445
|2 czenas
|
| 650 |
0 |
7 |
|a asfaltová pojiva
|7 ph462072
|2 czenas
|
| 650 |
0 |
7 |
|a asfaltové směsi
|7 ph897750
|2 czenas
|
| 650 |
0 |
7 |
|a trvanlivost materiálů
|7 ph898844
|2 czenas
|
| 650 |
0 |
7 |
|a stárnutí materiálu
|7 ph471330
|2 czenas
|
| 650 |
0 |
9 |
|a asphalt pavements
|2 eczenas
|
| 650 |
0 |
9 |
|a asphalt binders
|2 eczenas
|
| 650 |
0 |
9 |
|a asphalt mixtures
|2 eczenas
|
| 650 |
0 |
9 |
|a materials durability
|2 eczenas
|
| 650 |
0 |
9 |
|a material aging
|2 eczenas
|
| 655 |
|
7 |
|a habilitační práce
|7 fd185153
|2 czenas
|
| 655 |
|
7 |
|a teze
|7 fd133701
|2 czenas
|
| 655 |
|
9 |
|a habilitation theses
|2 eczenas
|
| 655 |
|
9 |
|a abstracts
|2 eczenas
|
| 710 |
2 |
|
|a Vysoké učení technické v Brně.
|b Ústav pozemních komunikací
|7 xx0040138
|4 isb
|
| 810 |
2 |
|
|a Vysoké učení technické v Brně.
|t Vědecké spisy.
|p Habilitační a inaugurační spisy
|0 s
|
| 910 |
2 |
|
|a BOA001
|b 2-1477.678
|
| 928 |
9 |
|
|a VUTIUM
|
| 990 |
|
|
|a BK
|
| 995 |
|
|
|a 01
|
| 991 |
|
|
|b 202112
|c NOV
|
| 996 |
6 |
|
|b 2610886110
|c 2-1477.678
|l MZK
|r Sklad / do 1 hodiny
|n 0
|p p.v.
|w 001869387
|u 000010
|a 1
|e BOA001
|j MZK50
|s P
|
| 996 |
7 |
|
|b 2610886111
|c 2-1477.678
|l MZK
|r Sklad / do 1 hodiny
|n 1
|p p.v.
|w 001869387
|u 000020
|a 1
|e BOA001
|j MZK50
|s A
|